000 01031nam a22003257a 4500
005 20260115131619.0
008 200825b2019 xxu||||| |||| 00| 0 spa d
020 _a9789587920642
041 _aESP
082 _a658.8 SI587c
100 _aSilvera Escudero, Rodolfo Enrique
_958127
245 _aCostos en la logística de centros de distribución: clave para el transporte y distribución de las cargas
260 _aColombia
260 _bEdiciones de la U
260 _c2019
300 _a229 páginas
650 _aGERENCIA DE MERCADO
650 _aADMINISTRACIÓN DE EMPRESAS
650 _aLOGÍSTICA
650 _aLOGÍSTICA DE LA ÚLTIMA MILLA EN EL TRANSPORTE TERRESTRE DE LAS CARGAS
650 _aPLATAFORMAS LOGÍSTICAS
650 _aCOSTOS
650 _aCENTROS DE DISTRIBUCIÓN
650 _aDISTRIBUCIÓN DE CARGAS
650 _aCENTROS DE TRANSPORTE
650 _aTRANSPORTE TERRESTRE
650 _aDISTRIBUCIÓN INTERNACIONAL
650 _aMILLAS DE CLASE MUNDIAL
942 _cBK
_2ddc
999 _c12682
_d12682